Projektmenedzsment a GE Global Operations Europe Centerben

Bibliographic Details
Main Author: Csabai Diána
Other Authors: Gulyásné dr. Csekő Katalin
Format: Final Paper
Kulcsszavak:Projektmenedzsment
GE Global Operations
Stabilizáció
Online Access:http://dolgozattar.uni-bge.hu/5178

MARC

LEADER 00000nta a2200000 i 4500
001 dolg5178
005 20160429103204.0
008 160429suuuu hu o 000 hun d
040 |a BGE Dolgozattár Repozitórium  |b hun 
041 |a hu 
100 1 |a Csabai Diána 
245 1 0 |a Projektmenedzsment a GE Global Operations Europe Centerben  |c Csabai Diána  |h [elektronikus dokumentum] 
516 |a Final_paper 
695 |a Projektmenedzsment 
695 |a GE Global Operations 
695 |a Stabilizáció 
700 1 |a Gulyásné dr. Csekő Katalin  |e ths 
856 4 0 |u http://dolgozattar.uni-bge.hu/5178/3/Szakdolgozat.pdf  |z Dokumentum-elérés